El sistema político de Chile

Gardado en:
Detalles Bibliográficos
Autor Principal: Gil, Federico Guillermo (Author)
Formato: Libro
Idioma:Lingua castelá
Publicado: Santiago, Chile Andrés Bello 1969
Subjects:
Tags: Engadir etiqueta
Sen Etiquetas, Sexa o primeiro en etiquetar este rexistro!

MARC

LEADER 00000nam a2200000 a 4500
001 UCP6438
003 CL-VaPUC
005 20210625001700.0
008 991022e19690000CL |||||||||||||||||spa|d
999 |c 284024  |d 284022 
040 |c Pontificia Universidad Católica de Valparaíso 
082 0 4 |a 320.983 GIL 1969  |2 21 
100 |a Gil, Federico Guillermo  |e author  |9 316522 
245 1 3 |a El sistema político de Chile 
260 |a Santiago, Chile  |b Andrés Bello  |c 1969 
300 |a 350 páginas 
583 |a last modification  |c 19991022 00:00:00  |k Rodrigo Vera 
650 0 |a Historia política  |z CHILE  |9 256974 
650 7 |a SISTEMAS POLITICOS  |2 CL-VaPUC  |9 435602  |z CHILE 
650 7 |a ESTRUCTURA SOCIAL  |2 CL-VaPUC  |9 435603  |z CHILE 
650 0 |a Política y gobierno  |z CHILE  |9 255151 
650 0 |a Partidos políticos  |z CHILE  |9 254999 
852 |a BIBCUR 
942 |c BK  |2 ddc 
945 |d 19991022 00:00:00  |a crobeson 
952 |0 0  |1 0  |2 ddc  |4 0  |6 320_983000000000000_GIL_1969  |7 0  |8 A  |9 327629  |a BIBHIS  |b BIBHIS  |d 2019-11-20  |i 137043K  |l 1  |o 320.983 GIL 1969  |p 137043K  |r 2025-01-20  |s 2024-08-05  |t 1  |w 2019-11-20  |y BK  |k HIS 
952 |0 0  |1 0  |2 ddc  |4 0  |6 320_983000000000000_GIL_1969  |7 0  |8 A  |9 327630  |a BIBHIS  |b BIBHIS  |d 2019-11-20  |i 1370464  |o 320.983 GIL 1969  |p 1370464  |r 2025-01-20  |t 2  |w 2019-11-20  |y BK  |k HIS